000
00340nam a2200145Ia 4500
008
150201s2009 xx 000 0 und d
082
_a
617
_b
F09S
100
_a
SAHA, S.K.
245
_a
FOUNDATION IN OPERATIVE SURGERY
250
_a
1ST
260
_b
JAYPEE BROTHERS
_a
DELHI
_c
2009
300
_a
1-530
650
_a
SURGERY
942
_2
ddc
_c
BK
999
_c
161
_d
161